Manual de herrería y metalistería

Bibliographic Details
Main Author: Blandford, Percy
Format: Section = Libro
Language:Undetermined
Spanish
Published: México Limusa 1983
Subjects:
LEADER 00479nam a2200193Ia 4500
008 240829s9999 xx 000 0 und d
020 |a 968-18-1560-2 
040 |a BIBLIOTECA-RUPAP 682 B642 
041 |a spa 
082 |a 682 B642 
100 1 |a Blandford, Percy 
245 1 0 |a Manual de herrería y metalistería 
260 |a México  |b Limusa  |c 1983 
300 |a 437 p. :il. 
650 7 |a HERRERA 
650 7 |b  HERRAJES. I. Tít. 
942 |c BK  |2 ddc 
991 |a TEXTO 
999 |c 10228